Общество, общности, человек: в поисках "вечного мира" (Запись № 9996785)

Подробности
000 -МАРКЕР
контрольное поле 02038nam0a2200349 i 4500
001 - ИДЕНТИФИКАТОР ЗАПИСИ
контрольное поле RU\NLR\BIBL_A\010464949
005 - ИДЕНТИФИКАТОР ВЕРСИИ
контрольное поле 20260408115404.0
010 ## - МЕЖДУНАРОДНЫЙ СТАНДАРТНЫЙ НОМЕР КНИГИ (ISBN)
Номер (ISBN) 9785434304870
Тираж 200
021 ## - НОМЕР ГОСУДАРСТВЕННОЙ РЕГИСТРАЦИИ
Код страны российская федерация
Номер 14-52042
035 ## - ДРУГИЕ СИСТЕМНЫЕ НОМЕРА
Идентификатор записи (NILC)RuMoRGB-007522133
035 ## - ДРУГИЕ СИСТЕМНЫЕ НОМЕРА
Идентификатор записи (NLR Aleph) 010464949
100 ## - ДАННЫЕ ОБЩЕЙ ОБРАБОТКИ
Данные общей обработки 20140923d2013 km y0rusy50 ca
101 0# - ЯЗЫК РЕСУРСА
Язык текста, звукозаписи и т.д. русский
-- английский
-- болгарский
-- македонский
102 ## - СТРАНА ПУБЛИКАЦИИ ИЛИ ПРОИЗВОДСТВА
Страна публикации российская федерация
105 ## - ПОЛЕ КОДИРОВАННЫХ ДАННЫХ: ТЕКСТОВЫЕ МАТЕРИАЛЫ, МОНОГРАФИЧЕСКИЕ
Кодированные данные о монографическом текстовом документе y|||z|||1||||
200 1# - ЗАГЛАВИЕ И СВЕДЕНИЯ ОБ ОТВЕТСТВЕННОСТИ
Основное заглавие Общество, общности, человек: в поисках "вечного мира"
Сведения, относящиеся к заглавию материалы VI Международной научной Интернет-конференции, 11 ноября 2013 г.
Первые сведения об ответственности [ред.: И. А. Федоров, С. В. Гузенина]
210 ## - ПУБЛИКАЦИЯ, РАСПРОСТРАНЕНИЕ И ДР.
Место издания, распространения и т.д. Тамбов
Имя издателя, распространителя и т. д. Бизнес-Наука-Общество
Дата издания, распространения и т.д. 2013
215 ## - ФИЗИЧЕСКАЯ ХАРАКТЕРИСТИКА
Специфическое обозначение материала и объем 237 с.
Другие сведения о физической характеристике ил., табл.
Размеры 21
300 ## - ОБЩИЕ ПРИМЕЧАНИЯ
Текст примечания В надзаг.: М-во образования и науки РФ, ФГОУ ВПО "Тамбов. гос. ун-т им. Г. Р. Державина", Ин-т гуманитар. и социал. образования, Каф. теорет. и приклад. социологии
300 ## - ОБЩИЕ ПРИМЕЧАНИЯ
Текст примечания Текст докл. на рус., англ., болг. и македон. яз.
320 ## - ПРИМЕЧАНИЯ О НАЛИЧИИ В ДОКУМЕНТЕ БИБЛИОГРАФИИ / УКАЗАТЕЛЯ
Текст примечания Библиогр. в конце докл.
606 ## - НАИМЕНОВАНИЕ ТЕМЫ КАК ПРЕДМЕТ
Наименование темы Общественные науки
Формальный подзаголовок Съезды, совещания и т.п
Системный номер авторитетной/нормативной записи 1112139
Идентификатор авторитетной/нормативной записи RU\NLR\AUTH\66119728
686 1# - ИНДЕКСЫ ДРУГИХ КЛАССИФИКАЦИЙ
Индекс С.я431
702 #1 - ИМЯ ЛИЦА - ВТОРИЧНАЯ ОТВЕТСТВЕННОСТЬ
Код отношения Редактор
Графика поля Кириллица
Материалы, к которым относится поле rus
Начальный элемент ввода Федоров
Часть имени, кроме начального элемента ввода И. А.
Даты 1953-2015
Дополнения к именам, кроме дат д-р социол. наук
Расширение инициалов личного имени Игорь Алексеевич
Идентификатор авторитетной/нормативной записи RU\NLR\AUTH\7740742
Системный номер авторитетной/нормативной записи 23693
711 12 - НАИМЕНОВАНИЕ ОРГАНИЗАЦИИ - АЛЬТЕРНАТИВНАЯ ОТВЕТСТВЕННОСТЬ
Начальный элемент ввода "Общество, общности, человек: в поисках "вечного мира", международная научная Интернет-конференция
Порядковый номер временной организации и / или порядковый номер ее части 6
Дата проведения временной организации 2013
Место проведения временной организации Тамбов
Идентификатор авторитетной/нормативной записи RU\NLR\AUTH\880379428
Системный номер авторитетной/нормативной записи 425235
801 #0 - ИСТОЧНИК ЗАПИСИ
Страна российская федерация
Организация РГБ
Дата составления 20140718
Правила каталогизации RCR
942 ## - ДОПОЛНИТЕЛЬНЫЕ ЭЛЕМЕНТЫ ЗАПИСИ (АБИС)
Тип экземпляра АБИС Книга
980 ## - КОЛЛЕКЦИЯ
Название коллекции НБР

Нет доступных экземпляров.